| 000 | 00750nam a22002177a 4500 | ||
|---|---|---|---|
| 005 | 20170427164541.0 | ||
| 010 | _aENG-117972 | ||
| 020 |
_a9789386296870 _c450.00 |
||
| 035 | _aEN-101504 | ||
| 037 | _bDBAD/PUB | ||
| 082 | _a488.0071 | ||
| 245 |
_aTrends in language teaching / _cedited by Rama Kant Agnihotri,Ajnu Sahgal Gupta [and] A.L.khanna _bIndia's experience with caste,gender and poverty / |
||
| 260 |
_aTelagana _bOrient Blackswan _c2017 |
||
| 270 |
_a3-6-752,Himayatnagar _bTelagana (Hydrabad) _e500029 |
||
| 300 |
_avii,232p. _c23cm (pbk) |
||
| 500 | _aIncludes references and index | ||
| 700 | _aAgnihotri,Rama Kant | ||
| 700 | _a Gupta,Ajnu Sahgal | ||
| 700 | _aKhanna,A.L. | ||
| 942 |
_2ddc _cEN _h488.0071 _mTRE |
||
| 999 |
_c139336 _d139336 |
||